000
00314nam a22001337a 4500
020
_a
0000000276504
040
_c
NUST
082
_a
297 QAI
100
_a
Hafiz Amad-ud-Din
_9
113233
245
_a
Qainat Kaisay Wajood Main Aai
260
_a
Lahore:
_b
Bait-ul-Uloom,
_c
2004.
650
_a
Islam
942
_2
ddc
_c
BK
999
_c
594984
_d
594984